[Event "Orlova Open 2012"]
[Site "Orlova CZE"]
[Date "2012.05.21"]
[Round "1.9"]
[White "Zabystrzan,P"]
[Black "Lojek,Marek"]
[Result "1-0"]
[WhiteElo "2314"]
[BlackElo "1640"]

1.Nf3 d5 2.g3 Nf6 3.Bg2 c5 4.c4 Nc6 5.O-O Bf5 6.cxd5 Nb4 7.d3 Bg4 8.e4 g6
9.Be3 Nd7 10.a3 Na6 11.Qd2 Bxf3 12.Bxf3 Ne5 13.Be2 Bg7 14.Nc3 O-O 15.f4 Nd7
16.h4 Re8 17.h5 Nf8 18.hxg6 fxg6 19.e5 Qc8 20.Bf3 e6 21.Nb5 Qd7 22.Nd6 Reb8
23.Qg2  1-0

[Event "50th ch-IND Challengers 2012"]
[Site "Tirupati IND"]
[Date "2012.05.23"]
[Round "8.16"]
[White "Sangma,R"]
[Black "Praveen,P"]
[Result "1/2-1/2"]
[WhiteElo "2327"]
[BlackElo "2248"]

1.Nf3 d5 2.g3 Nf6 3.Bg2 c6 4.O-O Bf5 5.b3 Nbd7 6.Bb2 e6 7.d3 h6 8.Nbd2 Bb4
9.a3 Ba5 10.e4 Bh7 11.e5 Ng8 12.Qe2 Ne7 13.b4 Bc7 14.c4 Nb6 15.c5 Na4 16.Bd4 Nf5
17.Nb3 Nxd4 18.Nbxd4 Nc3 19.Qd2 Nb5 20.Nxe6 fxe6 21.a4 O-O 22.axb5 cxb5 23.Nd4 Bxe5
24.Nxe6 Qf6 25.d4 Bxg3 26.Bxd5 Bxh2+ 27.Kxh2 Qh4+ 28.Kg1 Be4 29.Bxe4 Qxe4
30.Nxf8 Qg4+ 31.Kh1 Qh4+ 32.Kg1 Qg4+ 33.Kh1 Qh4+  1/2-1/2

[Event "Albena Masters Open 2012"]
[Site "Albena BUL"]
[Date "2012.05.26"]
[Round "1.46"]
[White "Slavov,H"]
[Black "Radulov,I"]
[Result "0-1"]
[WhiteElo "1809"]
[BlackElo "2309"]

1.Nf3 d5 2.g3 c5 3.Bg2 Nc6 4.O-O e5 5.d3 Nf6 6.Bg5 Be6 7.Nc3 Be7 8.Bxf6 Bxf6
9.e4 d4 10.Ne2 O-O 11.Nd2 Be7 12.f4 f6 13.f5 Bf7 14.a4 a6 15.Bf3 b5 16.b3 Na5
17.Nc1 c4 18.bxc4 bxc4 19.Bh5 g6 20.Qg4 Kg7 21.Nf3 Qc8 22.Nh4 Rg8 23.Rb1 Kh6
24.fxg6 Qxg4 25.Bxg4 hxg6 26.Nf3 Kg7 27.Nd2 Rab8 28.Ne2 Bb4 29.Nxc4 Bxc4
30.dxc4 Nxc4 31.Be6 Nd2 32.Bxg8 Kxg8 33.Rxb4 Rxb4 34.Rxf6 Rxa4 35.Rxg6+ Kf7
36.Rc6 Nxe4 37.g4 Ke7 38.h4 Kd7 39.Rh6 Ra2 40.Rh7+ Kd6 41.Rh6+ Kd5 42.g5 Rxc2
43.g6 Rc8 44.Rh7 Ke6 45.Rf7 d3 46.Nf4+ exf4 47.Rxf4 d2  0-1

[Event "Caissa IM May 2012"]
[Site "Kecskemet HUN"]
[Date "2012.05.26"]
[Round "8.4"]
[White "Galyas,M"]
[Black "Wang Xinyue"]
[Result "1-0"]
[WhiteElo "2403"]
[BlackElo "2041"]

1.Nf3 d5 2.g3 g6 3.Bg2 Bg7 4.O-O c6 5.c4 Nf6 6.cxd5 cxd5 7.d4 Nc6 8.Nc3 O-O
9.Ne5 Bf5 10.Nxc6 bxc6 11.e3 Qd6 12.b3 Qe6 13.Na4 Bh3 14.Nc5 Qf5 15.Bb2 Bxg2
16.Kxg2 Ne4 17.Rc1 Rfc8 18.Qc2 e6 19.f3 Nxc5 20.Qxf5 exf5 21.Rxc5 Bf8 22.Ra5 Bb4
23.Ra6 c5 24.a3 Bd2 25.dxc5 Bxe3 26.b4 d4 27.Rd1 Rd8 28.Rd3 Rd5 29.f4 Kf8
30.a4 Ke7 31.b5 Kd7 32.Ba3 h6 33.b6 Kc6 34.Rb3 Kb7 35.c6+ Kxa6 36.b7 Rb8
37.c7 Rdd8 38.cxd8=Q  1-0

[Event "21st Chicago Open"]
[Site "Wheeling USA"]
[Date "2012.05.26"]
[Round "4"]
[White "Young,An"]
[Black "Bartholomew,J"]
[Result "1/2-1/2"]
[WhiteElo "2338"]
[BlackElo "2445"]

1.Nf3 d5 2.g3 c6 3.Bg2 Bf5 4.d3 e6 5.O-O Nf6 6.c4 dxc4 7.dxc4 Nbd7 8.Nh4 Bg6
9.Nc3 Be7 10.h3 e5 11.Be3 O-O 12.Nxg6 hxg6 13.Rb1 Bc5 14.Bxc5 Nxc5 15.b4 Ne6
16.Qxd8 Rfxd8 17.b5 Rac8 18.bxc6 bxc6 19.Rb7 Rd4 20.Rxa7 Rxc4 21.Na4 Rb8
22.Ra6 Nd5 23.Bxd5 cxd5 24.e3 d4 25.exd4 exd4 26.Rb6 Ra8 27.Nb2 Rc2 28.a4 Nc5
29.Rb4 d3 30.Rd1 d2 31.Rc4 Rxb2 32.Rxc5 Rxa4 33.Rc8+ Kh7 34.Rd8 g5 35.R8xd2 Rxd2
36.Rxd2 Kg6  1/2-1/2

[Event "21st Chicago Open"]
[Site "Wheeling USA"]
[Date "2012.05.26"]
[Round "4"]
[White "Managadze,N"]
[Black "Gulamali,K"]
[Result "1-0"]
[WhiteElo "2472"]
[BlackElo "2346"]

1.Nf3 d5 2.g3 c6 3.Bg2 Nf6 4.O-O e6 5.d3 Be7 6.Nbd2 O-O 7.e4 Nbd7 8.Qe2 b5
9.Ne1 c5 10.c4 bxc4 11.dxc4 Ba6 12.b3 Rb8 13.e5 Ne8 14.Nd3 Nb6 15.Rd1 Nc7
16.Nb2 Qc8 17.Nf3 f5 18.Qc2 Bb7 19.h4 Bc6 20.Bg5 Qe8 21.Rac1 Na6 22.Bxe7 Qxe7
23.a3 d4 24.Ne1 Qb7 25.Nbd3 Be4 26.f3 Bc6 27.Rb1 Rfc8 28.Rdc1 Qe7 29.Qd2 Nd7
30.Qa5 Nc7 31.b4 cxb4 32.axb4 a6 33.Nc2 Nb6 34.Nxd4 Be8 35.Nc5 f4 36.g4 Rd8
37.Ne2 Rd2 38.Nxf4 Qxh4 39.Ne4 Qd8 40.Nxd2 Qd4+ 41.Kh1 Qxf4 42.Ne4 Bc6  1-0

[Event "Asian Nations Chess Cup"]
[Site "Zaozhuang CHN"]
[Date "2012.05.26"]
[Round "9.1"]
[White "Camacho Collados,J"]
[Black "Megaranto,S"]
[Result "0-1"]
[WhiteElo "2353"]
[BlackElo "2517"]

1.Nf3 d5 2.g3 c6 3.Bg2 Bf5 4.c4 e6 5.O-O Nf6 6.cxd5 exd5 7.d3 Be7 8.Nc3 O-O
9.Qc2 Na6 10.e4 Bg6 11.a3 Nc5 12.Nh4 dxe4 13.Nxg6 hxg6 14.dxe4 Qd3 15.Qd1 Rad8
16.Bg5 Ne6 17.Be3 Bc5 18.Qxd3 Rxd3 19.Rfd1 Rxd1+ 20.Nxd1 Rd8 21.Rc1 Ng4 22.Bxc5 Nxc5
23.Bf3 Ne5 24.Kg2 Ncd3  0-1

[Event "29th BSG Pinkster Open"]
[Site "Bussum NED"]
[Date "2012.05.27"]
[Round "5.4"]
[White "Overeem,M"]
[Black "Wunnink,M"]
[Result "1/2-1/2"]
[WhiteElo "2156"]
[BlackElo "2265"]

1.Nf3 d5 2.g3 c6 3.Bg2 Bg4 4.d3 Nf6 5.O-O Nbd7 6.Qe1 e5 7.e4 dxe4 8.dxe4 Be7
9.Nbd2 O-O 10.h3 Bh5 11.Nc4 Qc7 12.a4 Rfe8 13.Bd2 Bf8 14.Bc3 Bg6 15.Nh4 Nc5
16.Nxg6 hxg6 17.Qe2 Nfd7 18.h4 Nb6 19.Nxb6 axb6 20.b3 Ne6 21.h5 gxh5 22.Qxh5 Nd4
23.Bxd4 exd4 24.Rad1  1/2-1/2

[Event "31st OCF NAO FIDE Open"]
[Site "Stillwater USA"]
[Date "2012.05.27"]
[Round "5.13"]
[White "Schuller,JohnJ"]
[Black "Jahnke,Gregg A"]
[Result "0-1"]
[WhiteElo "1937"]
[BlackElo "1799"]

1.Nf3 d5 2.g3 Bg4 3.Bg2 e6 4.c4 Nf6 5.Qb3 Nbd7 6.Nc3 Nc5 7.Qc2 Be7 8.Ne5 d4
9.Nxg4 Nxg4 10.b4 dxc3 11.bxc5 cxd2+ 12.Bxd2 Bxc5 13.Qa4+ Qd7 14.Qxd7+ Kxd7
15.h3 Bxf2+ 16.Kf1 Bd4 17.Rd1  0-1

[Event "Albena Masters Open 2012"]
[Site "Albena BUL"]
[Date "2012.05.28"]
[Round "3.26"]
[White "Arngrimsson,D"]
[Black "Bucher,M"]
[Result "1/2-1/2"]
[WhiteElo "2381"]
[BlackElo "2215"]

1.Nf3 d5 2.g3 Nf6 3.Bg2 Bg4 4.O-O c6 5.d3 Nbd7 6.Nbd2 e5 7.e4 dxe4 8.dxe4 Bc5
9.h3 Bh5 10.Qe1 O-O 11.Nc4 Re8 12.b4 Bf8 13.Bb2 Bxf3 14.Bxf3 Qe7 15.g4 Qe6
16.Ne3 Nb6 17.a4 Nc4 18.Bc3 Nd7 19.Rb1 Ndb6 20.a5 Nxe3 21.Qxe3 Nc4 22.Qe2 b5
23.Rfd1 Red8 24.Rd3 a6 25.Bg2  1/2-1/2

[Event "Albena Masters Open 2012"]
[Site "Albena BUL"]
[Date "2012.05.28"]
[Round "3.10"]
[White "Petrosian,TL"]
[Black "Gutov,A"]
[Result "1-0"]
[WhiteElo "2657"]
[BlackElo "2421"]

1.Nf3 d5 2.g3 c6 3.Bg2 Nf6 4.c4 Bg4 5.cxd5 cxd5 6.Ne5 Bc8 7.Nc3 e6 8.d4 Be7
9.O-O O-O 10.e4 dxe4 11.Nxe4 Nc6 12.Nxf6+ Bxf6 13.Nxc6 bxc6 14.Be3 Rb8 15.b3 Qa5
16.Qc2 Rd8 17.Rfd1 Bd7 18.Rac1 Be8 19.Qe2 Rbc8 20.Rc5 Qb4 21.Qc2 Rd6 22.Rc4 Qb5
23.Bf4 Rdd8 24.Bf3 Be7 25.Be3 a5 26.h4 h6 27.Qe4 Qf5 28.Qxf5 exf5 29.Rdc1 Ra8
30.h5 Bf6 31.Ra4 Be7 32.Bxc6 Bxc6 33.Rxc6 Bb4 34.Rb6 Rab8 35.Rxb8 Rxb8 36.Kf1 Kf8
37.Ke2 Ke7 38.Bf4 Rb5 39.Kd3 Ke6 40.Kc4 Rb7 41.a3 Be7 42.d5+ Kd7 43.f3 Rb6
44.b4  1-0

[Event "Albena Masters Open 2012"]
[Site "Albena BUL"]
[Date "2012.05.29"]
[Round "4.34"]
[White "Dragicevic,Draz"]
[Black "Zalkind,K"]
[Result "1/2-1/2"]
[WhiteElo "2301"]
[BlackElo "2197"]

1.Nf3 d5 2.g3 c6 3.Bg2 Bg4 4.b3 Nd7 5.Bb2 Ngf6 6.O-O e6 7.c4 Bd6 8.d3 Qe7
9.Nbd2 O-O 10.h3 Bh5 11.Qc2 Rac8 12.Rae1 e5 13.Nh4 Bg6 14.e4 dxe4 15.dxe4 Bc5
16.Kh2 Rfe8 17.Nxg6 hxg6 18.Nf3 Nh7 19.h4 g5 20.Bh3 gxh4 21.Nxh4 Ng5 22.Bg2 Ne6
23.Nf5 Qg5 24.Qd1 Nf6 25.Bh3 Rcd8 26.Qf3 Nd4 27.Nxd4 Bxd4 28.Bc1 Qh5 29.g4 Qh4
30.Kg2 Nh7 31.Rh1 Rd6 32.Qg3 Qxg3+ 33.Kxg3 Rg6 34.Rh2 Ng5 35.Bg2 Kf8 36.Reh1 Ne6
37.Rh8+ Ke7 38.Rxe8+ Kxe8 39.Rh8+ Kd7 40.b4 Rf6 41.f3 Nf4 42.Bf1 Bc3 43.b5 Be1+
44.Kh2 Rd6 45.Rf8 Ke6 46.Be3 Rd1 47.bxc6 bxc6 48.c5 Ke7 49.Ra8 Rd7 50.Rc8 Bd2
51.Bf2 Nd3 52.Bh4+ g5 53.Bg3 Nxc5 54.Rxc6 Ne6 55.Bxe5 Bf4+ 56.Bxf4 Nxf4 57.Ra6 f6
58.Kg1 Ne6 59.Kf2 Nf4 60.Ke3 Kf7 61.Bb5 Ng2+ 62.Kf2 Rd2+ 63.Kg1 Nh4 64.Rxa7+ Ke6
65.Ra3 Ke5 66.Kf1 Kf4 67.Be2 Kg3 68.Ke1 Rb2 69.Ra6 Ng2+ 70.Kd1 Ne3+ 71.Ke1 Ng2+  1/2-1/2

[Event "Women's World Rapid Championship 2012"]
[Site "Batumi GEO"]
[Date "2012.05.31"]
[Round "3.11"]
[White "Kovalevskaya,E"]
[Black "Khotenashvili,B"]
[Result "1-0"]
[WhiteElo "2417"]
[BlackElo "2500"]

1.Nf3 d5 2.g3 Bg4 3.Bg2 Nd7 4.O-O e6 5.b3 Bd6 6.Bb2 f6 7.c4 Ne7 8.Nc3 c6
9.d4 f5 10.Qd2 O-O 11.Ng5 f4 12.h3 h6 13.hxg4 hxg5 14.e4 Ng6 15.cxd5 exd5
16.e5 Bb4 17.Qd3 Bxc3 18.Bxc3 Qe8 19.Bb4 f3 20.Bxf3 Ndxe5 21.dxe5 Nxe5 22.Bxd5+ cxd5
23.Qxd5+ Rf7 24.Kg2 Rd8 25.Qe4 Nd3 26.Qxe8+ Rxe8 27.Bc3 Re2 28.Bd4 a6 29.a3 Re4
30.Be3 Ne5 31.Bxg5 Nxg4 32.Bf4 Nf6 33.Rfe1 Rd7 34.Rxe4 Nxe4 35.Re1 Nc5 36.b4 Nd3
37.Re4 Kf7 38.Be3 Ne1+ 39.Kh3 Nc2 40.a4 b5 41.axb5 axb5 42.Bc5 Na3 43.f4 Nc4
44.Kh4 g6 45.Kg4 Kf6 46.Re8 Rb7 47.Rf8+ Kg7 48.Rd8 Kf7 49.Kg5 Rc7 50.g4 Rc6
51.Rd7+ Kg8 52.Re7 Nd2 53.f5 gxf5 54.gxf5 Nf3+ 55.Kf4 Nh4 56.Re2 Rf6 57.Kg5 Rxf5+
58.Kxh4 Kf7 59.Kg4 Rd5 60.Kf4 Kf6 61.Rh2  1-0

[Event "Women's World Rapid Championship 2012"]
[Site "Batumi GEO"]
[Date "2012.05.31"]
[Round "3.5"]
[White "Dzagnidze,N"]
[Black "Khurtsidze,N"]
[Result "0-1"]
[WhiteElo "2547"]
[BlackElo "2456"]

1.Nf3 d5 2.g3 Nf6 3.Bg2 c5 4.d4 cxd4 5.Nxd4 e5 6.Nb3 h6 7.c4 Bb4+ 8.Bd2 Bxd2+
9.N1xd2 d4 10.O-O O-O 11.c5 Nc6 12.Nc4 Qe7 13.f4 Ng4 14.f5 Bd7 15.Rc1 Rab8
16.h3 Nf6 17.e3 Rfd8 18.exd4 Nxd4 19.Nd6 Ba4 20.Re1 Rd7 21.Qd3 Bxb3 22.axb3 Ne8
23.Nc4 Qxc5 24.Kh2 Qb5 25.Rxe5 Qxb3 26.Rc3 Qb4 27.Qe3 Nf6 28.b3 Nc6 29.Bxc6 bxc6
30.Rd3 Rxd3 31.Qxd3 Qxb3 32.Qxb3 Rxb3 33.Rc5 Rb5 34.Rxc6 Rxf5 35.Ra6 Rf2+
36.Kg1 Rc2 37.Ne5 Ne4 38.g4 Ng5 39.h4 Nh3+ 40.Kf1 Rf2+ 41.Ke1 Rf4 42.Kd2 f6
43.Ng6 Rxg4 44.h5 Nf4 45.Ne7+ Kh7  0-1

[Event "ch-GER Junior U18 2012"]
[Site "Oberhof GER"]
[Date "2012.05.31"]
[Round "7.1"]
[White "Zimmermann,U"]
[Black "Berchtenbreiter,M"]
[Result "1-0"]
[WhiteElo "2207"]
[BlackElo "2332"]

1.Nf3 d5 2.g3 c6 3.Bg2 Nf6 4.O-O Bg4 5.d3 e6 6.Nbd2 Nbd7 7.h3 Bh5 8.Qe1 Qc7
9.e4 dxe4 10.dxe4 Bc5 11.Kh1 h6 12.Nc4 g5 13.b4 Be7 14.Bb2 Bxf3 15.Bxf3 h5
16.e5 Nd5 17.Nd6+ Kf8 18.c4 N5b6 19.Bg2 Na4 20.Bd4 c5 21.bxc5 Naxc5 22.f4 g4
23.f5 Rh7 24.fxe6 Nxe6 25.Qe4 Ng5 26.Qxh7 Nxh7 27.Rxf7+ Kg8 28.Rxe7 Nhf6
29.exf6 Qxd6 30.Bd5+ Kf8 31.Rae1  1-0

[Event "Albena Masters Open 2012"]
[Site "Albena BUL"]
[Date "2012.06.01"]
[Round "7.18"]
[White "Dimov,Di"]
[Black "Atalik,E"]
[Result "1-0"]
[WhiteElo "2289"]
[BlackElo "2474"]

1.Nf3 d5 2.g3 c6 3.Bg2 Bg4 4.h3 Bh5 5.O-O e6 6.d3 Bd6 7.e4 Nd7 8.Nbd2 Ne7
9.Qe2 O-O 10.g4 Bg6 11.e5 Bc7 12.Nb3 Re8 13.Bf4 c5 14.Bg3 Nc6 15.c4 d4 16.a3 a5
17.Nbd2 Qb8 18.Rae1 Ra6 19.Ne4 b5 20.cxb5 Qxb5 21.Rc1 Rb6 22.Nfd2 Ncxe5 23.Nc4 Rc6
24.Bxe5 Bxe5 25.f4 Bb8 26.f5 exf5 27.gxf5 Bxf5 28.Rxf5 g6 29.Rxf7  1-0

[Event "Mitropa Cup 2012"]
[Site "Sibenik CRO"]
[Date "2012.06.01"]
[Round "2"]
[White "Rombaldoni,D"]
[Black "Banusz,T"]
[Result "1/2-1/2"]
[WhiteElo "2520"]
[BlackElo "2582"]

1.Nf3 d5 2.g3 c6 3.Bg2 Nf6 4.O-O Bg4 5.d4 Nbd7 6.Nbd2 e6 7.Re1 Be7 8.e4 O-O
9.c3 Bh5 10.e5 Ne8 11.Nb3 Nc7 12.Be3 a5 13.a4 c5 14.Nxc5 Nxc5 15.dxc5 Na6
16.Qb3 Nxc5 17.Bxc5 Bxc5 18.Nd4 Qc7 19.Bf1 Rac8 20.Bd3 Qb8 21.h3 Qa7 22.g4 Bxd4
23.cxd4 Bg6 24.Red1 Rc6 25.Kg2 Rfc8 26.Bb5 Rc2 27.Qa3 Qb6 28.Rab1 Qd8 29.Kg3 h6
30.Qd6 Qc7 31.f3 h5 32.Qxc7 R8xc7 33.gxh5 Bf5 34.Bd3 Bxd3  1/2-1/2

[Event "Mitropa Cup 2012"]
[Site "Sibenik CRO"]
[Date "2012.06.01"]
[Round "2"]
[White "Shengelia,D"]
[Black "Jurcik,Mari"]
[Result "1-0"]
[WhiteElo "2551"]
[BlackElo "2491"]

1.Nf3 d5 2.g3 Bg4 3.Bg2 Nd7 4.c4 dxc4 5.Qa4 c6 6.Qxc4 Bxf3 7.Bxf3 Ne5 8.Qb3 Nxf3+
9.Qxf3 Nf6 10.Nc3 g6 11.O-O Bg7 12.Rd1 Qd4 13.d3 O-O 14.e4 Nd7 15.Qe2 e5
16.Be3 Qd6 17.f4 f5 18.d4 exf4 19.Qc4+ Kh8 20.e5 Nb6 21.Qb3 Qe7 22.gxf4 Qh4
23.Rd2 g5 24.Rf1 Bh6 25.Rdf2 Rg8 26.Kh1 Rg6 27.fxg5 Bxg5 28.Bxg5 Rxg5 29.Qf7 Qxd4
30.Qf6+ Rg7 31.Rg2 Qd7 32.Rfg1 Rg8 33.e6 Nd5 34.exd7  1-0

[Event "Mitropa Cup 2012"]
[Site "Sibenik CRO"]
[Date "2012.06.01"]
[Round "2"]
[White "Skoberne,J"]
[Black "Martinovic,Sa"]
[Result "1-0"]
[WhiteElo "2535"]
[BlackElo "2504"]

1.Nf3 d5 2.g3 Nf6 3.Bg2 c6 4.c4 g6 5.b3 Bg7 6.Bb2 O-O 7.O-O Bg4 8.h3 Bxf3
9.Bxf3 Nbd7 10.d4 Ne4 11.cxd5 cxd5 12.Nc3 Nxc3 13.Bxc3 e6 14.Qd3 f5 15.Rfc1 Rf7
16.Bd2 Qb6 17.e3 Nf6 18.a4 Ne4 19.a5 Qd6 20.a6 Rb8 21.Be1 Bf8 22.Rc2 h5 23.h4 b5
24.Kg2 Rb6 25.Ba5 Rb8 26.Rac1 Qxa6 27.b4 Nd6 28.Rc6 Qb7 29.R1c5 Qd7 30.Rc7 Qe8
31.Rxf7 Nxf7 32.Rc7 a6 33.Qc2 Nd6 34.Qc6 Qxc6 35.Rxc6 Ra8 36.Bc7 Ne8 37.Bb6 Kf7
38.Bc5 Bxc5 39.dxc5 Ke7 40.Be2 Kd7 41.Rb6 Ra7 42.Kf3 Ke7 43.Kf4 Kf6 44.f3 Nc7
45.Rc6 a5 46.bxa5 Ra6 47.Rxa6 Nxa6 48.g4 e5+ 49.Kg3 hxg4 50.fxg4 Nc7 51.g5+ Ke6
52.Kf2 Kd7 53.a6 b4 54.Ke1 b3 55.Kd2 Kc6 56.h5 gxh5 57.Bf3 e4 58.Bxh5 b2
59.Kc2 Nxa6 60.g6 Nb4+ 61.Kb1  1-0

[Event "Women's World Rapid Championship 2012"]
[Site "Batumi GEO"]
[Date "2012.06.02"]
[Round "9.15"]
[White "Kovalevskaya,E"]
[Black "Kosintseva,T"]
[Result "0-1"]
[WhiteElo "2417"]
[BlackElo "2532"]

1.Nf3 d5 2.g3 Nf6 3.Bg2 e6 4.O-O Be7 5.b3 O-O 6.c4 c5 7.Bb2 Nc6 8.e3 dxc4
9.bxc4 Qc7 10.Nc3 a6 11.Qe2 b6 12.d4 cxd4 13.exd4 Na5 14.Nd2 Bb7 15.d5 e5
16.Rac1 Nd7 17.Nd1 Rae8 18.h4 f5 19.Nf3 Bd6 20.Ng5 Nc5 21.Ba3 Bc8 22.Ne3 e4
23.Bxc5 Bxc5 24.Qh5 h6 25.Ne6 Bxe6 26.dxe6 Bxe3 27.fxe3 Qxg3 28.Rce1 Rxe6
29.Re2 Ref6 30.Kh1 Nxc4 31.Rg1 Qg6 32.Qxg6 Rxg6 33.Rc1 b5 34.Bf1 Rg3 35.Rc3 Rd8
36.Re1 Rd2 37.Bxc4+ bxc4 38.Rxc4 Rxa2 39.Rc5 Rf2 40.Ra5 Rg4 41.h5 Rg5 42.Rxa6 Rxh5+
43.Kg1 Rfh2 44.Rf1 Rh1+ 45.Kg2 R5h2+ 46.Kg3 Rh3+ 47.Kg2 Rxf1  0-1

[Event "TCh-FRA Top 12 2012"]
[Site "Belfort FRA"]
[Date "2012.06.02"]
[Round "3.3"]
[White "Shoker,S"]
[Black "Landa,K"]
[Result "0-1"]
[WhiteElo "2517"]
[BlackElo "2646"]

1.Nf3 d5 2.g3 g6 3.Bg2 Bg7 4.c4 dxc4 5.Na3 Be6 6.Qc2 c5 7.Ng5 Bd5 8.Qa4+ Bc6
9.Qxc4 Nh6 10.Bxc6+ Nxc6 11.h4 Qd4 12.d3 Rc8 13.Rb1 O-O 14.b3 Ng4 15.Ne4 Qd7
16.Bb2 Nd4 17.Bxd4 cxd4 18.Qa4 b5 19.Qxb5 Qxb5 20.Nxb5 Rc2 21.a4 Rfc8 22.Na3 Rc1+
23.Kd2 Rxh1 24.Rxh1 f5 25.Ng5 Nxf2 26.Rf1 Ng4 27.Rc1 Rxc1 28.Kxc1 Be5 29.Nf3 Bxg3
30.Nb5 a6 31.Nbxd4 e5 32.Nc6 e4 33.dxe4 fxe4 34.Nd2 Nf6 35.b4 Bxh4 36.b5 axb5
37.axb5 Bf2 38.Nc4 Nd5 39.Nd6 h5 40.Nxe4 Bb6 41.Kc2 Kf7 42.Kd3 Nf4+ 43.Kd2 Ke6
44.Ng5+ Kf5 45.Nf3 Kg4 46.Nce5+ Kg3 47.e3 Ba5+ 48.Kd1 Ne6 49.Ke2 g5 50.Nc4 Bd8
51.b6 Nc5 52.Nd6 g4 53.Nf5+ Kh3 54.Ng7 h4 55.Nh5 Ne6 56.b7 Bc7 57.e4 Nc5
58.Nf6 gxf3+ 59.Kxf3 Nxb7 60.Ng4 Bg3 61.Ne3 Nd6 62.Ng2 Nxe4 63.Nxh4 Ng5+
64.Ke2 Kxh4  0-1

[Event "TCh-FRA Top 12 2012"]
[Site "Belfort FRA"]
[Date "2012.06.02"]
[Round "3.2"]
[White "Bauer,Ch"]
[Black "Dreev,A"]
[Result "1/2-1/2"]
[WhiteElo "2672"]
[BlackElo "2694"]

1.Nf3 d5 2.g3 Bg4 3.Bg2 Nd7 4.c4 e6 5.cxd5 exd5 6.O-O Ngf6 7.d3 Bc5 8.Qc2 O-O
9.h3 Bxf3 10.Bxf3 c6 11.Bg2 Re8 12.a3 a5 13.b3 Qb6 14.e3 Bd6 15.Nc3 Nc5 16.Rb1 Qa6
17.Rd1 d4 18.b4 axb4 19.axb4 Ne6 20.b5 Qa5 21.Ne4 Nxe4 22.dxe4 Bc5 23.bxc6  1/2-1/2

[Event "TCh-FRA Top 12 2012"]
[Site "Belfort FRA"]
[Date "2012.06.02"]
[Round "3.4"]
[White "Tkachiev,V"]
[Black "Cossin,S"]
[Result "1-0"]
[WhiteElo "2641"]
[BlackElo "2507"]

1.Nf3 d5 2.g3 Nf6 3.Bg2 c6 4.O-O Bg4 5.d3 Nbd7 6.h3 Bh5 7.Qe1 e6 8.e4 Bc5
9.Bf4 h6 10.Nbd2 Bg6 11.Nb3 Bb6 12.Bd6 Bc7 13.Ba3 dxe4 14.dxe4 b6 15.e5 Nd5
16.c4 Ne7 17.Bxe7 Qxe7 18.Nfd4 Bd3 19.Nxc6 Qf8 20.Qd2  1-0

[Event "Bronshoj BSM IM 2012"]
[Site "Copenhagen DEN"]
[Date "2012.06.02"]
[Round "3.2"]
[White "Joie,S"]
[Black "Semcesen,D"]
[Result "1/2-1/2"]
[WhiteElo "2298"]
[BlackElo "2461"]

1.g3 d5 2.Nf3 Nc6 3.d4 Bg4 4.Bg2 e6 5.O-O Nf6 6.Nbd2 Be7 7.c3 O-O 8.h3 Bf5
9.Nh4 h6 10.Nxf5 exf5 11.Nf3 Bd6 12.Bf4 Re8 13.Bxd6 Qxd6 14.e3 Ne4 15.Rc1 Ne7
16.Nd2 c6 17.c4 Rad8 18.cxd5 Nxd5 19.Nxe4 fxe4 20.Qc2 f5 21.Qc5 a6 22.Qxd6 Rxd6
23.Rfe1 g5 24.Bf1 b5 25.Rc5 Kg7 26.Bg2 h5 27.g4 fxg4 28.hxg4 h4 29.f3 exf3
30.Bxf3 Kg6 31.e4 Nf4 32.e5 Rxd4 33.Rxc6+ Kg7 34.e6 Re7 35.Rxa6 Rd2 36.Re5 Nh3+
37.Kh1 Nf2+ 38.Kg1 Nh3+ 39.Kh1 Nf2+ 40.Kg1 Nh3+  1/2-1/2

[Event "Bronshoj GM 2012"]
[Site "Copenhagen DEN"]
[Date "2012.06.02"]
[Round "3.4"]
[White "Danielsen,Hen"]
[Black "Carstensen,J"]
[Result "0-1"]
[WhiteElo "2498"]
[BlackElo "2305"]

1.g3 d5 2.Nf3 Nf6 3.Bg2 c5 4.O-O Nc6 5.d3 g6 6.c3 Bg7 7.Qa4 Bd7 8.Bg5 Qc7
9.Na3 Nd4 10.Qd1 Nxf3+ 11.Bxf3 Bc6 12.Qb3 Qd7 13.Qc2 Ng4 14.Bg2 h6 15.Bd2 O-O
16.f3 Nf6 17.e4 e5 18.c4 d4 19.b4 cxb4 20.Bxb4 Rfc8 21.Rab1 a5 22.Bd2 b5
23.Qc1 b4 24.Nc2 Kh7 25.a3 bxa3 26.Qxa3 Bf8 27.Qa2 Bc5 28.f4 exf4 29.Rxf4 Ng4
30.Bh3 h5 31.Rbf1 Rf8 32.Bxg4 hxg4 33.Rf6 Kg7 34.Bg5 Be7 35.Qa1 a4 36.Nxd4 Bxf6
37.Rxf6 Kh7 38.Rxc6 a3 39.Bf4 a2 40.Bd6 Qb7 41.Nb5 Qxc6 42.Bxf8 Rxf8 43.Qxa2 f5
44.Qa7+ Kg8 45.Qd4 fxe4 46.dxe4 Qa6 47.Qd5+ Kh7 48.Qd7+ Kh6 49.Qd2+ Kh5 50.Kg2 Qa1
51.Qe2 Ra8  0-1

[Event "Mitropa Cup 2012"]
[Site "Sibenik CRO"]
[Date "2012.06.02"]
[Round "3"]
[White "Zueger,B"]
[Black "Kreisl,R"]
[Result "1/2-1/2"]
[WhiteElo "2413"]
[BlackElo "2398"]

1.g3 d5 2.Nf3 g6 3.Bg2 Bg7 4.d4 Nf6 5.c4 dxc4 6.O-O c6 7.a4 O-O 8.Na3 Nbd7
9.Nxc4 Nb6 10.Nce5 a5 11.b3 Bf5 12.Bb2 Be4 13.Bh3 Bxf3 14.Nxf3 Nbd5 15.Re1 Ne4
16.Qc2 f5 17.Rad1 Nb4 18.Qb1 Nd5 19.Qc2 Nb4 20.Qb1 Nd5  1/2-1/2

[Event "Mitropa Cup 2012"]
[Site "Sibenik CRO"]
[Date "2012.06.02"]
[Round "3"]
[White "Erdos,V"]
[Black "Cvek,R"]
[Result "1-0"]
[WhiteElo "2624"]
[BlackElo "2563"]

1.g3 d5 2.Nf3 Nf6 3.Bg2 c6 4.c4 dxc4 5.O-O Nbd7 6.Na3 Nb6 7.Qc2 Be6 8.Ng5 Bg4
9.Nxc4 Bxe2 10.Ne5 Bh5 11.Re1 Nbd5 12.Bh3 Qb6 13.b4 Rd8 14.Rb1 Nc7 15.d3 Nb5
16.Bb2 Nd4 17.Bxd4 Qxd4 18.b5 c5 19.b6 a6 20.Bg2 Nd7 21.Re4 Qd6 22.Nc4 Qb8
23.Re3 h6 24.Ne4 e6 25.Na5 f5 26.Nd2 Kf7 27.Nxb7 Re8 28.Nc4 f4 29.gxf4 Qxf4
30.Bc6 Rb8 31.Bxd7 Rxb7 32.Bxe6+ Kf6 33.Rbe1 Bd6 34.Rg3 Bb8 35.Bd5 Re7 36.Qb2+ Qd4
37.Qxd4+ cxd4 38.Rxe7 Kxe7 39.Rxg7+ Kf6 40.Rg8 Rxg8+ 41.Bxg8 Bf3 42.Nd2 Bb7
43.Nb3 Ke5 44.Na5 Bf3 45.Bc4 Kd6 46.Bxa6 Kc5 47.Nb3+ Kxb6 48.Nxd4  1-0

[Event "Women's World Rapid Championship 2012"]
[Site "Batumi GEO"]
[Date "2012.06.03"]
[Round "10.18"]
[White "Khotenashvili,B"]
[Black "Mammadova,G"]
[Result "0-1"]
[WhiteElo "2500"]
[BlackElo "2345"]

1.Nf3 d5 2.g3 e6 3.Bg2 Nf6 4.O-O Bd6 5.d3 c5 6.Nbd2 d4 7.e4 Nc6 8.Nc4 Bc7
9.a4 e5 10.h3 h6 11.c3 Be6 12.cxd4 Bxc4 13.dxe5 Bxd3 14.exf6 Bxf1 15.fxg7 Rg8
16.Qxf1 Qf6 17.e5 Qxg7 18.Qb5 O-O-O 19.Bf4 f6 20.a5 a6 21.Qxc5 fxe5 22.Be3 Qg6
23.Rc1 e4 24.Nd4 Rd6 25.b4 Rf6 26.g4 Qe8 27.b5 axb5 28.a6 b6 29.Qxb5 Nxd4
30.Qxe8+ Rxe8 31.Bxd4 Rfe6 32.Be3 Kb8 33.Bf1 R8e7 34.h4 Ka7 35.Bb5 Rf6 36.g5 Rf5
37.Be2 hxg5 38.hxg5 Bf4 39.Bxf4 Rxf4 40.Rc6 Rf5 41.g6 Rg5+ 42.Kf1 Rg7 43.Ke1 R5xg6
44.Rc8 Rd6 45.Bb5 Rdg6 46.Ke2 Rg5 47.Bc6 Kxa6 48.Bxe4 Re7 49.Ke3 Rc5 50.Ra8+ Kb5
51.Kf4 Kb4 52.f3 b5 53.Kg4 Kc3 54.Ra3+ Kc4 55.Bd3+ Kd4 56.Rb3 Re3 57.Rxb5 Rxd3
58.Rb8 Rd5 59.f4 Rd1 60.Rb4+ Kc5 61.Re4 Rg1+ 62.Kf3 Rg8  0-1

[Event "Mitropa Cup 2012"]
[Site "Sibenik CRO"]
[Date "2012.06.03"]
[Round "4"]
[White "Zueger,B"]
[Black "Lenic,L"]
[Result "1-0"]
[WhiteElo "2413"]
[BlackElo "2632"]

1.g3 d5 2.Nf3 Bg4 3.Bg2 Nd7 4.d3 Ngf6 5.Nbd2 c6 6.h3 Bh5 7.O-O e5 8.e4 dxe4
9.dxe4 Bc5 10.Qe1 O-O 11.a4 Re8 12.Nc4 b5 13.Na5 Qc7 14.Bd2 Bb6 15.Nh4 a6
16.Nf5 Bg6 17.g4 Bxf5 18.gxf5 Nh5 19.Kh2 Nf4 20.Rg1 g6 21.Bf1 Nc5 22.axb5 cxb5
23.b4 Bxa5 24.bxa5 Qc6 25.f3 Rad8 26.Be3 Na4 27.c4 Nd3 28.Qh4 Nf4 29.cxb5 axb5
30.Rc1 Nc3 31.a6 b4 32.Qh6 Ra8 33.Bxf4 exf4 34.Bc4 Rxa6 35.Bxf7+  1-0

[Event "TCh-SUI National A 2012"]
[Site "Switzerland SUI"]
[Date "2012.06.03"]
[Round "4.3"]
[White "Hickl,J"]
[Black "Vezzosi,P"]
[Result "1-0"]
[WhiteElo "2561"]
[BlackElo "2286"]

1.g3 d5 2.Nf3 c6 3.Bg2 Bg4 4.b3 Nd7 5.Bb2 Ngf6 6.d3 e6 7.Nbd2 Bc5 8.O-O O-O
9.c4 Qe7 10.a3 a5 11.Qc2 Rfd8 12.Rfe1 Bh5 13.h3 Bg6 14.Nh4 Bh5 15.e3 Bd6
16.f4 Bg6 17.Nf1 Nc5 18.Nxg6 hxg6 19.g4 Qc7 20.g5 Ne8 21.b4 Nd7 22.c5 Bf8
23.d4 b6 24.Nd2 Rdb8 25.Bc3 Qc8 26.Bf1 Be7 27.h4 axb4 28.axb4 Rxa1 29.Rxa1 Ra8
30.Rc1 b5 31.Nf3 Nc7 32.Bd3 Ra3 33.Bb2 Ra2 34.Qb3 Qa8 35.Bb1 Ra4 36.Kg2 Na6
37.Bc3 Nab8 38.Bb2 Na6 39.Bc3 Nab8 40.Kg3 Nf8 41.Rh1 Bd8 42.Qc2 f6 43.h5 gxh5
44.Qh2 fxg5 45.Qxh5 gxf4+ 46.exf4 Nbd7 47.Ne5 Nxe5 48.fxe5 Be7 49.Rf1 g6
50.Bxg6  1-0

[Event "TCh-FRA Top 12 2012"]
[Site "Belfort FRA"]
[Date "2012.06.04"]
[Round "5.3"]
[White "Giri,A"]
[Black "Gyimesi,Z"]
[Result "1/2-1/2"]
[WhiteElo "2693"]
[BlackElo "2651"]

1.Nf3 d5 2.g3 Nf6 3.Bg2 c6 4.c4 g6 5.b3 Bg7 6.Bb2 O-O 7.O-O Bg4 8.d4 Bxf3
9.Bxf3 Ne4 10.Bg2 Nd7 11.Nc3 Nxc3 12.Bxc3 Nb6 13.cxd5 cxd5 14.Qd3 Qd7 15.Rfc1 e6
16.e3 Nc8 17.Ba5 Nd6 18.h4 Rfc8 19.h5 Rxc1+ 20.Rxc1 Rc8 21.Qd1 Rc6 22.Bf1 Qc8
23.Rxc6 Qxc6 24.Bd3 Ne4 25.Kg2 Bf8 26.Be1 Ba3 27.g4 Nf6 28.f3 Qc1 29.Qxc1 Bxc1
30.Bh4 Ne8 31.hxg6 hxg6 32.Kf2 Ba3 33.Ke2 Bb4 34.e4 Kf8 35.Ke3 Be7 36.Be1 Nf6
37.e5 Nd7 38.f4 Ba3 39.f5 gxf5 40.gxf5 Bc1+ 41.Ke2 Bb2 42.Ke3 Nb8 43.Bb4+ Ke8
44.Bb5+ Nc6 45.Bc5 a6 46.Be2 exf5 47.Bf3 Ne7 48.Bh5 Ng6 49.e6 Bc1+ 50.Kf3 Bg5
51.a4 Bd8 52.b4 b6 53.Bd6 Bf6 54.Ke3 Bg5+ 55.Kf3 Bf6 56.Ke3 Bg5+ 57.Kf3  1/2-1/2